Loading...
| Literature - European | 0 | 10 | 0 | 1 | 100 | 68 | 107.90 | 4 | 10 | 21.96 | 70.91 |
| Science - Chemistry | 0 | 9 | 0 | 2 | 90 | 59 | 81.00 | 1 | 8 | 23.03 | 50.91 |
| Fine Arts - Classical Music | 0 | 8 | 2 | 0 | 70 | 69 | 99.63 | 2 | 8 | 14.08 | 50.91 |
| Philosophy | 0 | 7 | 1 | 2 | 65 | 78 | 95.29 | 2 | 6 | 13.26 | 41.82 |
| Literature - World | 0 | 6 | 0 | 1 | 60 | 51 | 98.83 | 0 | 6 | 16.01 | 40.00 |
| Literature - British | 0 | 6 | 0 | 0 | 60 | 59 | 105.67 | 2 | 4 | 14.44 | 38.18 |
| History - European | 0 | 7 | 2 | 1 | 60 | 68 | 92.71 | 3 | 7 | 18.07 | 47.27 |
| History - World | 0 | 6 | 0 | 1 | 60 | 88 | 101.50 | 1 | 4 | 12.86 | 30.91 |
| Literature - American | 0 | 5 | 0 | 0 | 50 | 86 | 107.40 | 1 | 3 | 11.11 | 25.45 |
| Science - Physics | 0 | 6 | 2 | 1 | 50 | 30 | 72.17 | 3 | 6 | 22.34 | 45.45 |
| History - American | 0 | 6 | 2 | 0 | 50 | 12 | 51.17 | 1 | 5 | 32.27 | 38.18 |
| History - Other | 0 | 5 | 0 | 0 | 50 | 65 | 86.40 | 3 | 5 | 14.21 | 34.55 |
| Science - Other | 0 | 6 | 2 | 0 | 50 | 57 | 81.83 | 1 | 5 | 16.71 | 38.18 |
| Fine Arts - Painting and Sculpture | 0 | 5 | 1 | 0 | 45 | 53 | 90.00 | 1 | 3 | 13.70 | 27.27 |
| Fine Arts - Other | 0 | 4 | 1 | 0 | 35 | 63 | 100.50 | 1 | 3 | 7.95 | 20.00 |
| Science - Biology | 0 | 4 | 1 | 0 | 35 | 61 | 78.25 | 2 | 4 | 12.16 | 25.45 |
| Mythology | 0 | 2 | 0 | 0 | 20 | 44 | 73.00 | 1 | 1 | 8.61 | 12.73 |
| Other Academic | 0 | 2 | 0 | 1 | 20 | 105 | 115.00 | 0 | 0 | 3.42 | 26.67 |
| Social Science | 0 | 3 | 3 | 0 | 15 | 68 | 78.33 | 0 | 2 | 7.50 | 10.91 |
| Religion | 0 | 2 | 2 | 0 | 10 | 93 | 93.50 | 0 | 2 | 3.16 | 10.91 |
| Geography | 0 | 1 | 0 | 0 | 10 | 64 | 64.00 | 1 | 1 | 17.05 | 33.33 |
| Current Events | 0 | 1 | 0 | 0 | 10 | 66 | 66.00 | 0 | 0 | 16.15 | 6.67 |